[Event "MCRE_PF14"]
[Site "?"]
[Date "2004.??.??"]
[Round "?"]
[White "Paulik, Vaclav"]
[Black "Cedrych, Karel"]
[Result "1/2-1/2"]
[WhiteElo "2175"]
[BlackElo "2164"]
[PlyCount "138"]
[EventDate "2004.??.??"]
[EventType "corr"]

1. e4 c5 2. d4 cxd4 3. c3 dxc3 4. Nxc3 Nc6 5. Nf3 d6 6. Bc4 e6 7. O-O Nf6 8.
Qe2 a6 9. Rd1 Qc7 10. Bf4 Be7 11. Bb3 O-O 12. Rac1 Qb8 13. e5 Nh5 14. Bg5 dxe5
15. Bxe7 Nxe7 16. Nxe5 Nf6 17. Ng4 Nxg4 18. Qxg4 b5 19. Bc2 Ra7 20. Qh4 h6 21.
b4 Rc7 22. Ne4 Bb7 23. Nc5 Rfc8 24. a3 Qa8 25. Qg3 Nd5 26. Be4 Bc6 27. Bxd5
exd5 28. f4 Qa7 29. f5 f6 30. Re1 Be8 31. Rc3 Bf7 32. Qf4 Re7 33. Rxe7 Qxe7 34.
Re3 Qf8 35. h3 a5 36. Rc3 axb4 37. axb4 Re8 38. Kf2 Qe7 39. Re3 Qd8 40. Rg3 Kh8
41. Qg4 Rg8 42. Ra3 Qe7 43. Qd4 Re8 44. Re3 Qd8 45. Rxe8+ Qxe8 46. Qe3 Qa8 47.
Qd2 Kg8 48. Nb3 Qc6 49. Nc5 Qc7 50. Qd4 Kf8 51. g3 Qd6 52. Qa1 Be8 53. Ne6+ Kf7
54. Qa7+ Bd7 55. Nc5 Ke7 56. Kf3 Qc6 57. Ke2 h5 58. Kd2 Ke8 59. g4 hxg4 60.
hxg4 Qd6 61. Qb7 Qf4+ 62. Kd3 Qg3+ 63. Kd2 Qd6 64. Ke3 d4+ 65. Ke2 Kd8 66.
Qxd7+ Qxd7 67. Nxd7 Kxd7 68. Kd3 Kc6 69. Kxd4 Kd6 1/2-1/2

[Event "MCRE_PF14"]
[Site "?"]
[Date "2004.??.??"]
[Round "?"]
[White "Paulik, Vaclav"]
[Black "Nigrin, Jiri"]
[Result "1-0"]
[WhiteElo "2175"]
[BlackElo "2121"]
[PlyCount "161"]
[EventDate "2004.??.??"]
[EventType "corr"]

1. e4 c5 2. d4 cxd4 3. c3 dxc3 4. Nxc3 Nc6 5. Nf3 e6 6. Bc4 Qc7 7. O-O Nf6 8.
Qe2 Ng4 9. Nb5 Qb8 10. h3 h5 11. Qd2 a6 12. Nbd4 Nge5 13. Be2 Qd6 14. Qc3 Qc5
15. Qd2 Nxd4 16. Nxd4 Be7 17. Rd1 b5 18. b3 Ng6 19. Nf3 Qb4 20. Qd3 O-O 21. a3
Qa5 22. Bd2 Qb6 23. Be3 Qb8 24. a4 b4 25. Qc2 Rd8 26. Nd2 Nf4 27. Nc4 Bf6 28.
Rac1 Bb7 29. Bf1 d5 30. Nb6 d4 31. Bxf4 Qxf4 32. Nxa8 Rxa8 33. g3 Qxe4 34. Qxe4
Bxe4 35. Bg2 Bxg2 36. Kxg2 a5 37. Kf3 g5 38. Rc5 Kg7 39. Ke4 Be7 40. Rc7 Bd8
41. Rd7 Bf6 42. Rc1 Kg6 43. Rc5 Bg7 44. Kd3 Bf6 45. Rb7 Ra6 46. Rbc7 Ra8 47.
Rc8 Ra7 48. g4 hxg4 49. hxg4 Ra6 50. Rg8+ Kh7 51. Rb8 Kg6 52. f3 Ra7 53. Rg8+
Kh7 54. Rgc8 Kg6 55. R5c7 Ra6 56. Rd7 e5 57. Rdc7 Kg7 58. Rc5 Ra7 59. Rb5 Be7
60. Rxe5 Bf6 61. Rf5 Re7 62. Rc6 Re3+ 63. Kc2 Bd8 64. Rd6 Rc3+ 65. Kb2 Be7 66.
Rxd4 Bf6 67. Rd6 Be7 68. Rb6 Bd8 69. Ra6 Rd3 70. Rc6 f6 71. Kc2 Rd7 72. Rb5 Kf7
73. Rb8 Kg6 74. Rcc8 Be7 75. Ra8 Rd5 76. Ra7 Bd8 77. Rb8 Rd6 78. Rbb7 f5 79.
Rg7+ Kf6 80. Raf7+ Ke6 81. Rxf5 1-0

[Event "MCRE_PF14"]
[Site "?"]
[Date "2004.??.??"]
[Round "?"]
[White "Rotter, Walter"]
[Black "Ksir, Bohumir"]
[Result "1/2-1/2"]
[WhiteElo "2074"]
[BlackElo "2145"]
[PlyCount "128"]
[EventDate "2004.??.??"]
[EventType "corr"]

1. d4 Nf6 2. c4 e6 3. Nc3 Bb4 4. e3 O-O 5. Bd3 d5 6. Nf3 c5 7. O-O Nc6 8. Ne2
cxd4 9. exd4 dxc4 10. Bxc4 a6 11. Qc2 Qd6 12. Bf4 Qe7 13. Bd3 Bd6 14. a3 Bxf4
15. Nxf4 Rd8 16. Rfd1 Rd6 17. Rd2 b5 18. Re1 Qd8 19. Red1 h6 20. Qb1 Bb7 21.
Ne5 Qb6 22. Nxc6 Bxc6 23. Qc1 Rad8 24. Qc5 Qb7 25. Qe5 b4 26. Bc4 bxa3 27. bxa3
Be4 28. f3 Bf5 29. Ne2 Rc6 30. Ba2 Bc2 31. Re1 Qb6 32. Rc1 Rdc8 33. Kf2 Be4 34.
Rxc6 Rxc6 35. Nf4 Bc2 36. Qe2 Bb3 37. Bxb3 Qxb3 38. Qd3 Qb1 39. g3 Qb6 40. Kg2
a5 41. Rd1 Qd8 42. Rb1 Rb6 43. Ne2 Nd5 44. Rb5 a4 45. Kf2 Qd6 46. Rc5 g6 47.
Qd2 Kg7 48. Qa5 Rb2 49. Qxa4 Rxe2+ 50. Kxe2 Qxc5 51. dxc5 Nc3+ 52. Kd3 Nxa4 53.
Kc4 Kf8 54. Kb4 Nb2 55. Kc3 Nd1+ 56. Kd2 Nf2 57. a4 Ke7 58. a5 Kd7 59. a6 Kc7
60. h4 Nh1 61. g4 Nf2 62. Ke3 Nh3 63. f4 f6 64. Kf3 g5 1/2-1/2

[Event "MCRE_PF14"]
[Site "?"]
[Date "2004.??.??"]
[Round "?"]
[White "Pytlik, Lesek"]
[Black "Pravec, Ladislav"]
[Result "1/2-1/2"]
[WhiteElo "2260"]
[BlackElo "2302"]
[PlyCount "80"]
[EventDate "2004.??.??"]
[EventType "corr"]

1. e4 c5 2. Nf3 Nc6 3. Bb5 g6 4. Bxc6 dxc6 5. d3 Bg7 6. h3 Nf6 7. Nc3 Nd7 8.
Be3 e5 9. Qd2 h6 10. O-O Qe7 11. a3 Nf8 12. b4 Ne6 13. Na4 Nd4 14. Ne1 b6 15.
Rb1 cxb4 16. axb4 f5 17. c3 Nb5 18. c4 Nc7 19. exf5 gxf5 20. f4 e4 21. Nc2 O-O
22. dxe4 fxe4 23. Bd4 Rd8 24. Qe3 Bxh3 25. Be5 Bf5 26. Nd4 Rxd4 27. Qxd4 Rd8
28. Qf2 e3 29. Qxe3 Bxb1 30. Rxb1 Bxe5 31. fxe5 Qg5 32. Qxg5+ hxg5 33. Ra1 Ne6
34. Rf1 Nf4 35. g3 Ng6 36. e6 Re8 37. Rf6 Ne5 38. c5 Kg7 39. Rf5 Rxe6 40. Rxg5+
Kf6 1/2-1/2